=LDR 00000nam 2200000 4500 =001 INLIS000000000023739 =005 20130612122355 =008 ***********************************Ind** =035 ##$$0010-061300000023739 =041 ##$$a Ind =082 ##$$a 658.827 =090 ##$$a 658.827, Tem h =100 ##$$a Temporal, Paul =245 ##$$a Mencipatakan kekuatan merek di era teknologi, Hi-tech hi-touch branding, Paul Temporal =260 ##$$a 2002 $b Jakarta =300 ##$$a 252 hlm, 23 cm =650 ##$$a Teknologi modern =850 ##$$a NBPNMAT